[Event "GER-ch Net qual3 U18"]
[Site "Playchess.com INT"]
[Date "2009.05.17"]
[Round "2"]
[White "Colpe, Malte"]
[Black "Pantusenko, Valeria"]
[Result "1-0"]
[WhiteElo "2155"]
[BlackElo "1725"]
[PlyCount "65"]
[EventDate "2009.05.17"]
[EventType "swiss (blitz)"]
[EventRounds "7"]
[EventCountry "GER"]
[SourceTitle "CBM 130 Extra"]
[Source "ChessBase"]
[SourceDate "2009.07.02"]
[SourceVersion "2"]
[SourceVersionDate "2009.07.15"]
[SourceQuality "1"]

1. d4 d5 2. c4 e6 3. Nf3 Nf6 4. e3 c5 5. dxc5 Bxc5 6. a3 a5 7. Nc3 0-0 8. cxd5 exd5 9. Be2 Nc6 10. Nd4 Ba7 11. 0-0 Qe7 12. Bf3 Rd8 13. Ndb5 Be6 14. Nxa7 Rxa7 15. Nb5 Raa8 16. Nd4 Nxd4 17. exd4 Ne4 18. Re1 Bf5 19. Bf4 Re8 20. Rc1 Rac8 21. Rxc8 Rxc8 22. Bxe4 dxe4 23. d5 Qc5 24. d6 Rd8 25. Re3 Bg6 26. Rc3 Qf5 27. Bg3 Bh5 28. Qd4 h6 29. Rc5 Qg6 30. h3 e3 31. Qxe3 Qb1+ 32. Kh2 Qxb2 33. Rxh5 1-0

[Event "GER-ch Net qual3 U18"]
[Site "Playchess.com INT"]
[Date "2009.05.17"]
[Round "1"]
[White "Pantusenko, Valeria"]
[Black "Stips, Felix"]
[Result "0-1"]
[WhiteElo "1725"]
[BlackElo "2189"]
[PlyCount "50"]
[EventDate "2009.05.17"]
[EventType "swiss (blitz)"]
[EventRounds "7"]
[EventCountry "GER"]
[SourceTitle "CBM 130 Extra"]
[Source "ChessBase"]
[SourceDate "2009.07.02"]
[SourceVersion "2"]
[SourceVersionDate "2009.07.15"]
[SourceQuality "1"]

1. e4 c5 2. c3 d5 3. exd5 Qxd5 4. d4 Nc6 5. Nf3 Bg4 6. Be2 e6 7. 0-0 cxd4 8. Nxd4 Bxe2 9. Nxe2 Nf6 10. Bf4 Bc5 11. Nd2 g5 12. Bg3 0-0-0 13. Nf3 Qe4 14. Ned4 g4 15. Ng5 Qg6 16. Bf4 h6 17. h4 hxg5 18. Bxg5 Bxd4 19. cxd4 Rxd4 20. Qb3 Rd3 21. Qc4 Nd5 22. Qxg4 Rd4 23. Qe2 Nf4 24. Qe3 Rxh4 25. g3 Qxg5 0-1

[Event "GER-ch Net qual2 U18"]
[Site "Playchess.com INT"]
[Date "2009.05.13"]
[Round "6"]
[White "Pantusenko, Valeria"]
[Black "Hirschmann, Jakob"]
[Result "0-1"]
[WhiteElo "1725"]
[BlackElo "1766"]
[PlyCount "26"]
[EventDate "2009.05.13"]
[EventType "swiss (blitz)"]
[EventRounds "7"]
[EventCountry "GER"]
[SourceTitle "CBM 130 Extra"]
[Source "ChessBase"]
[SourceDate "2009.07.02"]
[SourceVersion "2"]
[SourceVersionDate "2009.07.15"]
[SourceQuality "1"]

1. e4 e6 2. d4 d5 3. e5 c5 4. b4 cxd4 5. Qxd4 Nc6 6. Qg4 Nxe5 7. Qf4 Bd6 8. Qg3 Nf6 9. Bf4 Nh5 10. Bb5+ Bd7 11. Bxd7+ Qxd7 12. Qe3 Nxf4 13. Nd2 Nxg2+ 0-1

[Event "Leipzig VfB op 15th"]
[Site "Leipzig"]
[Date "2008.02.29"]
[Round "5"]
[White "Pantusenko, Valeria"]
[Black "Werther, Jens"]
[Result "1-0"]
[WhiteElo "1486"]
[BlackElo "1702"]
[PlyCount "67"]
[EventDate "2008.02.26"]
[EventType "swiss"]
[EventRounds "9"]
[EventCountry "GER"]
[SourceTitle "CBM 123 Extra"]
[Source "ChessBase"]
[SourceDate "2008.05.06"]
[SourceVersion "1"]
[SourceVersionDate "2008.05.06"]
[SourceQuality "1"]

1. e4 c6 2. d4 d5 3. f3 e6 4. Nc3 dxe4 5. fxe4 Bb4 6. Nf3 Nf6 7. Bd3 0-0 8. 0-0 Be7 9. Kh1 Nbd7 10. Ne2 b5 11. c3 Re8 12. Ng3 a6 13. Qc2 Nf8 14. Ng5 e5 15. dxe5 Ng4 16. Nxf7 Qc7 17. Bg5 Bxg5 18. Nxg5 Ne3 19. Qb3+ Ne6 20. Rf3 c5 21. Rxe3 c4 22. Nxe6 Bxe6 23. Qd1 cxd3 24. Rxd3 Rf8 25. Rd6 Rad8 26. Qd4 Bg4 27. h3 Bc8 28. Rd1 Rxd6 29. exd6 Qd7 30. e5 Bb7 31. Rd2 Qxh3+ 32. Kg1 Qxg3 33. d7 Qe1+ 34. Kh2 1-0

[Event "GER-ch U14 Girls"]
[Site "Willingen"]
[Date "2007.05.29"]
[Round "6"]
[White "Pantusenko, Valeria"]
[Black "Begeluri, Nino"]
[Result "0-1"]
[WhiteElo "1509"]
[BlackElo "1553"]
[PlyCount "78"]
[EventDate "2007.05.26"]
[EventType "swiss"]
[EventRounds "9"]
[EventCountry "GER"]
[SourceTitle "CBM 118 Extra"]
[Source "ChessBase"]
[SourceDate "2007.07.04"]
[SourceVersion "1"]
[SourceVersionDate "2007.07.04"]
[SourceQuality "1"]

1. e4 c5 2. c3 Nf6 3. e5 Nd5 4. d4 cxd4 5. Nf3 Nc6 6. Bc4 Nb6 7. Bb3 d6 8. exd6 dxc3 9. Nxc3 Bg4 10. Bxf7+ Kxf7 11. Ng5+ Ke8 12. Qxg4 Qxd6 13. 0-0 h5 14. Qe4 Rd8 15. Bf4 Qf6 16. Rfd1 Rxd1+ 17. Rxd1 e5 18. Nb5 Be7 19. Nc7+ Kf8 20. Nge6+ Kf7 21. Bg3 h4 22. Rd3 Qg6 23. Rf3+ Bf6 24. Qxg6+ Kxg6 25. Kf1 hxg3 26. Rxg3+ Kf7 27. Nc5 Rd8 28. Nxb7 Rd7 29. Nb5 Be7 30. Rc3 Rxb7 31. Rxc6 Na4 32. Nc3 Nxb2 33. Ke2 Rd7 34. Kf3 Nd3 35. Ne4 Nb4 36. Rc4 Nxa2 37. Ra4 Nb4 38. Ng5+ Kg6 39. Kg4 Rd4+ 0-1

[Event "GER-ch U14 Girls"]
[Site "Willingen"]
[Date "2007.05.29"]
[Round "5"]
[White "Pantusenko, Valeria"]
[Black "Kirst, Julia"]
[Result "1-0"]
[WhiteElo "1509"]
[BlackElo "1462"]
[PlyCount "117"]
[EventDate "2007.05.26"]
[EventType "swiss"]
[EventRounds "9"]
[EventCountry "GER"]
[SourceTitle "CBM 118 Extra"]
[Source "ChessBase"]
[SourceDate "2007.07.04"]
[SourceVersion "1"]
[SourceVersionDate "2007.07.04"]
[SourceQuality "1"]

1. e4 d6 2. d4 g6 3. f4 Bg7 4. Nf3 Nf6 5. Nc3 0-0 6. Bd3 a6 7. h3 c5 8. Be3 cxd4 9. Nxd4 e5 10. Nf3 exf4 11. Bxf4 d5 12. e5 Nh5 13. Bh2 Bh6 14. Ne2 Ng7 15. Rb1 Nc6 16. 0-0 Nf5 17. Bxf5 Bxf5 18. Ng3 Be6 19. Kh1 Qc7 20. Re1 Rac8 21. c3 Na5 22. Nd4 Nc4 23. Nxe6 fxe6 24. Qg4 Qe7 25. Nh5 Kh8 26. Nf4 Bxf4 27. Bxf4 Rf5 28. b3 Nb6 29. Rbc1 Rcf8 30. Be3 Nd7 31. Bd4 Qg7 32. Qe2 Rf4 33. Rf1 Qf7 34. Rxf4 Qxf4 35. Be3 Qg3 36. Bd4 Rf5 37. Re1 Rf4 38. Qe3 Qh4 39. Kh2 Re4 40. Qf2 Qxf2 41. Bxf2 Rxe1 42. Bxe1 Nxe5 43. Kg3 Kg7 44. Bd2 h5 45. Kf4 Nd7 46. Be3 Kf7 47. Bd4 Nf6 48. Ke5 Ne4 49. c4 Nf6 50. Kd6 Ne8+ 51. Kc5 dxc4 52. bxc4 Ke7 53. Kb6 Nd6 54. c5 Nb5 55. Bb2 Kd7 56. Kxb7 a5 57. a4 Nc7 58. c6+ Kd8 59. Bf6+ 1-0

[Event "GER-ch U14 Girls"]
[Site "Willingen"]
[Date "2007.05.28"]
[Round "4"]
[White "Koelbl, Ines"]
[Black "Pantusenko, Valeria"]
[Result "0-1"]
[WhiteElo "1080"]
[BlackElo "1509"]
[PlyCount "78"]
[EventDate "2007.05.26"]
[EventType "swiss"]
[EventRounds "9"]
[EventCountry "GER"]
[SourceTitle "CBM 118 Extra"]
[Source "ChessBase"]
[SourceDate "2007.07.04"]
[SourceVersion "1"]
[SourceVersionDate "2007.07.04"]
[SourceQuality "1"]

1. d4 d5 2. c4 e6 3. Nf3 c6 4. cxd5 exd5 5. a3 f5 6. Bf4 Nf6 7. e3 Be7 8. Bd3 0-0 9. Nc3 Ne4 10. h4 Nd7 11. Qe2 Ndf6 12. Ne5 Qa5 13. Rc1 Nd7 14. Bxe4 fxe4 15. Qh5 Nf6 16. Qg5 Qd8 17. Qg3 Nh5 18. Qh2 Nxf4 19. exf4 Qb6 20. h5 Qxb2 21. Ne2 Bf6 22. h6 g6 23. Nxg6 hxg6 24. h7+ Kh8 25. Rd1 Bg4 26. Rd2 Qxa3 27. Qh6 Bh5 28. f5 Bg7 29. Qg5 Rxf5 30. Qh4 Bf6 31. Qh3 Qa1+ 32. Rd1 Qa5+ 33. Kf1 Qb5 34. g4 Rf3 35. Qg2 Bxd4 36. Kg1 Bxf2+ 37. Kh2 Qxe2 38. gxh5 Bg3+ 39. Kh3 Bf4+ 0-1

[Event "Sachsen-ch U14 Girls"]
[Site "Sebnitz"]
[Date "2007.04.11"]
[Round "3"]
[White "Reichelt, Luisa Marie"]
[Black "Pantusenko, Valeria"]
[Result "0-1"]
[WhiteElo "1367"]
[BlackElo "1351"]
[PlyCount "80"]
[EventDate "2007.04.10"]
[EventType "swiss"]
[EventRounds "7"]
[EventCountry "GER"]
[SourceTitle "EXT 2008"]
[Source "ChessBase"]
[SourceDate "2007.11.25"]
[SourceVersion "1"]
[SourceVersionDate "2007.11.25"]
[SourceQuality "1"]

1. e4 e5 2. d4 exd4 3. Nf3 Bc5 4. Bc4 Nc6 5. c3 Na5 6. Bxf7+ Kxf7 7. b4 Bxb4 8. cxb4 Nc6 9. Nxd4 Nxd4 10. Qxd4 Qf6 11. e5 Qc6 12. 0-0 Ne7 13. Bb2 Qe6 14. Nd2 Rf8 15. Rac1 c6 16. a3 Kg8 17. Nf3 Nf5 18. Qd3 b6 19. Rfd1 a5 20. Ra1 Rf7 21. Ng5 Qg6 22. Nxf7 Qxf7 23. Qf3 Qe6 24. b5 Bb7 25. a4 Rf8 26. Qd3 Rf7 27. Rdc1 c5 28. h3 Nh4 29. Qc4 Qg6 30. Qg4 Qh6 31. Rc4 Nxg2 32. Bc1 Qe6 33. Qxe6 dxe6 34. Ra2 Bd5 35. Rac2 Ne1 36. Re2 Nf3+ 37. Kf1 Bxc4 38. Be3 Bxe2+ 39. Kxe2 Ng1+ 40. Kd3 Nxh3 0-1

[Event "Leipzig VfB op 14th"]
[Site "Leipzig"]
[Date "2007.03.24"]
[Round "7"]
[White "Pantusenko, Valeria"]
[Black "Nittschalk, Karl"]
[Result "1-0"]
[WhiteElo "1351"]
[BlackElo "1484"]
[PlyCount "87"]
[EventDate "2007.03.20"]
[EventType "swiss"]
[EventRounds "9"]
[EventCountry "GER"]
[SourceTitle "EXT 2008"]
[Source "ChessBase"]
[SourceDate "2007.11.25"]
[SourceVersion "1"]
[SourceVersionDate "2007.11.25"]
[SourceQuality "1"]

1. e4 e5 2. Nf3 Nc6 3. Nc3 Nf6 4. Bb5 d6 5. d4 Bd7 6. 0-0 exd4 7. Nxd4 Ne5 8. f4 Bxb5 9. Ndxb5 Nc6 10. Re1 Ng8 11. Nd5 Rc8 12. c4 Nf6 13. b3 a6 14. Nbc3 Be7 15. Bb2 0-0 16. Nxe7+ Nxe7 17. Qf3 h6 18. Rad1 c6 19. e5 Qb6+ 20. Kh1 dxe5 21. fxe5 Nh7 22. Rd7 Ng5 23. Qe2 Rc7 24. Na4 Qa5 25. Bc3 Qxa4 26. Rxc7 Qa3 27. Bb2 Qc5 28. Rxb7 Ng6 29. b4 Nf4 30. Qc2 Nd3 31. bxc5 Nxe1 32. Qe2 Nxg2 33. Qxg2 Ne6 34. Qxc6 Rd8 35. Rd7 Rb8 36. Rd2 Nf4 37. Qc7 Rf8 38. Rd8 Ne6 39. Rxf8+ Nxf8 40. Qb6 Ne6 41. c6 Kh7 42. c7 Nxc7 43. Qxc7 a5 44. e6 1-0

[Event "Leipzig VfB op 14th"]
[Site "Leipzig"]
[Date "2007.03.22"]
[Round "5"]
[White "Bulano, Alexander"]
[Black "Pantusenko, Valeria"]
[Result "1-0"]
[WhiteElo "1804"]
[BlackElo "1351"]
[PlyCount "51"]
[EventDate "2007.03.20"]
[EventType "swiss"]
[EventRounds "9"]
[EventCountry "GER"]
[SourceTitle "EXT 2008"]
[Source "ChessBase"]
[SourceDate "2007.11.25"]
[SourceVersion "1"]
[SourceVersionDate "2007.11.25"]
[SourceQuality "1"]

1. c4 g6 2. Nc3 Bg7 3. d4 Nf6 4. e4 d6 5. Be2 0-0 6. Nf3 c5 7. 0-0 cxd4 8. Nxd4 Nc6 9. Be3 e6 10. Ndb5 Ne8 11. Qd2 a6 12. Na3 Qc7 13. Nc2 Ne5 14. b3 b5 15. f4 Nd7 16. Rac1 Bb7 17. Nd4 bxc4 18. Bxc4 Nc5 19. f5 d5 20. exd5 exf5 21. Bh6 Nf6 22. Bxg7 Kxg7 23. Nxf5+ Kh8 24. Qd4 Ncd7 25. Ne4 Qd8 26. Nfd6 1-0

[Event "Leipzig VfB op 14th"]
[Site "Leipzig"]
[Date "2007.03.21"]
[Round "2"]
[White "Huelle, Gunter"]
[Black "Pantusenko, Valeria"]
[Result "0-1"]
[WhiteElo "1841"]
[BlackElo "1351"]
[PlyCount "63"]
[EventDate "2007.03.20"]
[EventType "swiss"]
[EventRounds "9"]
[EventCountry "GER"]
[SourceTitle "EXT 2008"]
[Source "ChessBase"]
[SourceDate "2007.11.25"]
[SourceVersion "1"]
[SourceVersionDate "2007.11.25"]
[SourceQuality "1"]

1. b4 e5 2. Bb2 e4 3. e3 d5 4. b5 Be6 5. a4 a6 6. c4 dxc4 7. Qc2 axb5 8. axb5 Rxa1 9. Bxa1 Qg5 10. Qa4 Ne7 11. Nc3 c6 12. Qa8 Qe5 13. Qxb7 Bc8 14. Qb6 Nd5 15. Qa5 Bb4 16. Nxd5 Bxd2+ 17. Kxd2 Qxd5+ 18. Kc1 0-0 19. Bc3 cxb5 20. Ne2 Nc6 21. Qa2 b4 22. Bd4 Bg4 23. Nf4 Qf5 24. Qxc4 Nxd4 25. Qxd4 Rc8+ 26. Kb2 Qa5 27. Bc4 Qa3+ 28. Kb1 b3 29. Bxb3 Qxb3+ 30. Qb2 Qxb2+ 31. Kxb2 Rb8+ 32. Kc3 0-1

[Event "Leipzig VfB op 14th"]
[Site "Leipzig"]
[Date "2007.03.21"]
[Round "3"]
[White "Pantusenko, Valeria"]
[Black "Scholbach, Tillmann"]
[Result "0-1"]
[WhiteElo "1351"]
[BlackElo "1955"]
[PlyCount "62"]
[EventDate "2007.03.20"]
[EventType "swiss"]
[EventRounds "9"]
[EventCountry "GER"]
[SourceTitle "EXT 2008"]
[Source "ChessBase"]
[SourceDate "2007.11.25"]
[SourceVersion "1"]
[SourceVersionDate "2007.11.25"]
[SourceQuality "1"]

1. e4 d5 2. exd5 Qxd5 3. Nc3 Qd6 4. Nf3 Nf6 5. Bc4 a6 6. 0-0 b5 7. Bb3 Bb7 8. d4 e6 9. h3 Be7 10. Re1 0-0 11. Qd3 Nbd7 12. Ng5 c5 13. Bxe6 cxd4 14. Nd1 Nc5 15. Nxf7 Rxf7 16. Bxf7+ Kxf7 17. Qg3 Qd5 18. f3 Bd6 19. Qg5 Qc6 20. c3 Ne6 21. Qf5 Re8 22. Bd2 Bc8 23. Nf2 Nf4 24. Qc2 d3 25. Nxd3 Ne2+ 26. Kh1 Ng3+ 27. Kg1 Qb6+ 28. Nf2 Bc5 29. Bf4 Bf5 30. Qd2 Rd8 31. Qxd8 Bxf2+ 0-1

[Event "GER-chT U14 Girls"]
[Site "Burg Stargard"]
[Date "2006.12.30"]
[Round "7.2"]
[White "Reck, Jessica"]
[Black "Pantusenko, Valeria"]
[Result "0-1"]
[WhiteElo "1144"]
[BlackElo "1477"]
[PlyCount "120"]
[EventDate "2006.12.27"]
[EventType "team-swiss"]
[EventRounds "7"]
[EventCountry "GER"]
[SourceTitle "EXT 2008"]
[Source "ChessBase"]
[SourceDate "2007.11.25"]
[SourceVersion "1"]
[SourceVersionDate "2007.11.25"]
[SourceQuality "1"]
[WhiteTeam "Leegebruch U14 Girls"]
[BlackTeam "Dresden Gruen Weiss U14 Girls"]
[WhiteTeamCountry "GER"]
[BlackTeamCountry "GER"]

1. e4 e5 2. Nf3 Nc6 3. Bc4 Nf6 4. Nc3 Bb4 5. d3 d5 6. exd5 Nxd5 7. Bd2 Nb6 8. Bb3 Bg4 9. Qe2 f5 10. h3 Bxf3 11. gxf3 Qd7 12. Ba4 0-0-0 13. Bxc6 Qxc6 14. 0-0-0 Rhe8 15. Rhg1 Rd7 16. Rg5 g6 17. Rdg1 Nd5 18. Qe1 Nxc3 19. Bxc3 Bxc3 20. Qxc3 Qxf3 21. Qc5 Qxh3 22. Qxa7 Kd8 23. Qa8+ Ke7 24. Qa3+ Rd6 25. Qc5 Kd7 26. Qb5+ Rc6 27. d4 Qf3 28. d5 Qxf2 29. dxc6+ bxc6 30. Qd3+ Ke7 31. R5g2 Qf4+ 32. Qd2 Qa4 33. a3 Ke6 34. Qc3 Qf4+ 35. Kb1 Qa4 36. Qb3+ Qxb3 37. cxb3 Kf6 38. Rd1 Ke6 39. Kc2 e4 40. Rf2 Re7 41. a4 e3 42. Rh2 f4 43. Kd3 Kf5 44. Ke2 g5 45. Rh5 Kg4 46. Rhh1 f3+ 47. Ke1 Kf4 48. Rd4+ Kf5 49. a5 g4 50. Rh4 e2 51. Rh1 g3 52. Rh5+ Kg6 53. Rh1 f2+ 54. Kd2 e1Q+ 55. Rxe1 fxe1Q+ 56. Kd3 g2 57. Rg4+ Kf5 58. Rd4 g1Q 59. Kc4 Qgf1+ 60. Rd3 Qd1 0-1

[Event "GER-chT U14 Girls"]
[Site "Burg Stargard"]
[Date "2006.12.29"]
[Round "6.2"]
[White "Pantusenko, Valeria"]
[Black "Tunc, Berfin"]
[Result "1-0"]
[WhiteElo "1477"]
[BlackElo "1242"]
[PlyCount "111"]
[EventDate "2006.12.27"]
[EventType "team-swiss"]
[EventRounds "7"]
[EventCountry "GER"]
[SourceTitle "EXT 2008"]
[Source "ChessBase"]
[SourceDate "2007.11.25"]
[SourceVersion "1"]
[SourceVersionDate "2007.11.25"]
[SourceQuality "1"]
[WhiteTeam "Dresden Gruen Weiss U14 Girls"]
[BlackTeam "Porz SG U14 Girls"]
[WhiteTeamCountry "GER"]
[BlackTeamCountry "GER"]

1. e4 e5 2. Nf3 Nc6 3. Nc3 Nf6 4. Bb5 a6 5. Bxc6 dxc6 6. Nxe5 Qd4 7. Nf3 Qd8 8. h3 Be6 9. 0-0 Bc5 10. d4 Bb6 11. Re1 0-0 12. Bg5 h6 13. Bh4 g5 14. Bg3 Qd6 15. Qd2 Kh7 16. Be5 Nh5 17. Nxg5+ Kg8 18. Nxe6 Qxe6 19. f4 Kh7 20. f5 Qe7 21. Qe2 f6 22. Qxh5 fxe5 23. Qg6+ Kh8 24. Qxh6+ Qh7 25. Qxh7+ Kxh7 26. Ne2 exd4 27. Kh2 Rae8 28. Ng3 Re5 29. h4 Ba5 30. Rf1 c5 31. Rad1 c6 32. Kh3 Rg8 33. Rf4 Re7 34. Rd3 Kh6 35. f6 Rf7 36. Nf5+ Kh7 37. Ng7 Rgxg7 38. Rdf3 Rg8 39. Rf5 Kh6 40. Rxc5 Bd8 41. g4 Kg6 42. Rg5+ Kh7 43. Rh5+ Kg6 44. Rg5+ Kh7 45. Rxg8 Kxg8 46. e5 Kh7 47. g5 Kg6 48. Kg4 Bc7 49. h5+ Kh7 50. g6+ Kg8 51. gxf7+ Kxf7 52. Kf5 b5 53. e6+ Ke8 54. h6 Kf8 55. h7 Ke8 56. h8Q# 1-0

[Event "GER-chT U14 Girls"]
[Site "Burg Stargard"]
[Date "2006.12.28"]
[Round "3.2"]
[White "Pantusenko, Valeria"]
[Black "Oez, Eda"]
[Result "0-1"]
[WhiteElo "1477"]
[BlackElo "1412"]
[PlyCount "140"]
[EventDate "2006.12.27"]
[EventType "team-swiss"]
[EventRounds "7"]
[EventCountry "GER"]
[SourceTitle "EXT 2008"]
[Source "ChessBase"]
[SourceDate "2007.11.25"]
[SourceVersion "1"]
[SourceVersionDate "2007.11.25"]
[SourceQuality "1"]
[WhiteTeam "Dresden Gruen Weiss U14 Girls"]
[BlackTeam "Rossdorf SC Ladja U14 Girls"]
[WhiteTeamCountry "GER"]
[BlackTeamCountry "GER"]

1. e4 e5 2. Nf3 Nc6 3. Nc3 Bc5 4. Nxe5 Bxf2+ 5. Kxf2 Nxe5 6. d4 Ng6 7. Be2 d6 8. Rf1 N8e7 9. Kg1 0-0 10. Bg5 h6 11. Be3 Nc6 12. Bh5 Bd7 13. Qe2 Nce7 14. Rf3 Be6 15. Raf1 Qe8 16. Nb5 Qb8 17. c4 a6 18. Nc3 Qd8 19. Nd5 Bxd5 20. exd5 b5 21. b3 Rb8 22. Rh3 Kh7 23. Qd2 Ng8 24. Rhf3 Qe7 25. Qd3 Nf6 26. Rg3 Nxh5 27. Rh3 Rbe8 28. Qf5 Nf6 29. Qg5 Ng8 30. Qh5 b4 31. Bg5 Qe2 32. Rhf3 Qe4 33. Be3 Qe7 34. Rh3 a5 35. a4 bxa3 36. Ra1 Nf6 37. Qf5 Ng8 38. Rxa3 Qf6 39. Qd7 Qe7 40. Qb5 Nf4 41. Rf3 Ne2+ 42. Kf2 Nc3 43. Qxa5 Nd1+ 44. Kg1 Nxe3 45. Qc3 Nd1 46. Qc2+ Qe4 47. Qxd1 Nf6 48. Qd3 Qxd3 49. Rxd3 Ra8 50. b4 Rfe8 51. Kf2 Rab8 52. b5 Re7 53. Ra7 Rbe8 54. h3 Nh5 55. Kf3 Nf6 56. Ra6 Re1 57. Raa3 Rf1+ 58. Kg3 Ne4+ 59. Kh2 f5 60. Rf3 Rxf3 61. gxf3 Nd2 62. Rc3 f4 63. c5 dxc5 64. dxc5 Re3 65. Rxe3 fxe3 66. Kg2 Kg6 67. f4 Nc4 68. d6 cxd6 69. b6 dxc5 70. Kf3 Nxb6 0-1

[Event "Sachsen-ch U14 Girls"]
[Site "Sebnitz"]
[Date "2006.04.20"]
[Round "4"]
[White "Bischoff, Laura"]
[Black "Pantusenko, Valeria"]
[Result "0-1"]
[WhiteElo "1512"]
[BlackElo "1421"]
[PlyCount "84"]
[EventDate "2006.04.18"]
[EventType "swiss"]
[EventRounds "7"]
[EventCountry "GER"]
[SourceTitle "EXT 2007"]
[Source "ChessBase"]
[SourceDate "2006.11.23"]
[SourceVersion "1"]
[SourceVersionDate "2006.11.23"]
[SourceQuality "1"]

1. e4 e5 2. f4 Bc5 3. Nf3 Nf6 4. Nc3 Nc6 5. Bc4 d6 6. d3 h6 7. Na4 Bb6 8. Nxb6 axb6 9. 0-0 Na5 10. fxe5 dxe5 11. Bb3 Nxb3 12. cxb3 Bg4 13. Kh1 0-0 14. Be3 c5 15. a3 Qd6 16. Qd2 Rad8 17. Rad1 Nh7 18. b4 f5 19. bxc5 bxc5 20. b4 b6 21. bxc5 bxc5 22. Qc2 Rc8 23. Rd2 Nf6 24. Nh4 f4 25. Bg1 Nd7 26. a4 Qf6 27. Nf3 Qa6 28. Qc4+ Qxc4 29. dxc4 Bxf3 30. gxf3 Nb6 31. Rc1 Nxa4 32. Rd5 Rfe8 33. Kg2 Kf7 34. Kh3 Kf6 35. Kg4 Re6 36. h4 Rec6 37. h5 Nb6 38. Rd2 Ke6 39. Bf2 Nd7 40. Bh4 Nf6+ 41. Bxf6 gxf6 42. Rg1 Rg8+ 0-1

[Event "Sachsen-ch U14 Girls"]
[Site "Sebnitz"]
[Date "2006.04.18"]
[Round "1"]
[White "Pantusenko, Valeria"]
[Black "Scheibel, Jennifer"]
[Result "1-0"]
[WhiteElo "1421"]
[BlackElo "1046"]
[PlyCount "95"]
[EventDate "2006.04.18"]
[EventType "swiss"]
[EventRounds "7"]
[EventCountry "GER"]
[SourceTitle "EXT 2007"]
[Source "ChessBase"]
[SourceDate "2006.11.23"]
[SourceVersion "1"]
[SourceVersionDate "2006.11.23"]
[SourceQuality "1"]

1. e4 e5 2. Nf3 Nc6 3. Nc3 Nf6 4. Bb5 Bc5 5. 0-0 0-0 6. Nxe5 d6 7. Nxc6 bxc6 8. Bxc6 Rb8 9. d4 Bb6 10. Bg5 Bb7 11. Bxb7 Rxb7 12. Nd5 Kh8 13. c3 c6 14. Nxf6 gxf6 15. Bh4 Rg8 16. Qf3 Rg6 17. e5 Kg8 18. Bxf6 Qd7 19. h3 Bd8 20. Bxd8 Qxd8 21. b4 dxe5 22. dxe5 Qc8 23. Rad1 Rd7 24. Rxd7 Qxd7 25. Rd1 Qe7 26. Qe3 Qe6 27. a4 a6 28. Rd6 Qf5 29. Rxg6+ Qxg6 30. Qg3 Qxg3 31. fxg3 Kf8 32. Kf2 Ke7 33. Ke3 Ke6 34. Ke4 Kd7 35. g4 Kc7 36. Kf5 Kd7 37. Kf6 Ke8 38. c4 Kd7 39. Kxf7 Kc7 40. e6 Kb7 41. e7 Kb6 42. e8Q c5 43. Qd8+ Ka7 44. Ke6 cxb4 45. Kd6 b3 46. Kc6 a5 47. Qb6+ Ka8 48. Qb7# 1-0

[Event "GER-ch U12"]
[Site "Willingen"]
[Date "2005.05.21"]
[Round "11"]
[White "Pantusenko, Valeria"]
[Black "Dilz, Jasmin"]
[Result "1-0"]
[WhiteElo "1459"]
[BlackElo "1138"]
[PlyCount "65"]
[EventDate "2005.05.14"]
[EventType "swiss"]
[EventRounds "11"]
[EventCountry "GER"]
[SourceTitle "CBM 106 Extra"]
[Source "ChessBase"]
[SourceDate "2005.07.01"]
[SourceVersion "1"]
[SourceVersionDate "2005.07.01"]
[SourceQuality "1"]

1. e4 d5 2. exd5 Qxd5 3. Nc3 Qa5 4. d4 c6 5. Bc4 Bf5 6. Nf3 e6 7. Bd2 Qc7 8. Qe2 Nf6 9. Nh4 Bg6 10. Nxg6 hxg6 11. h3 Bd6 12. 0-0 Nbd7 13. a3 0-0-0 14. b4 Rh7 15. b5 c5 16. Be3 b6 17. a4 Rdh8 18. Ra2 cxd4 19. Bxd4 g5 20. Bxf6 gxf6 21. Rfa1 Be5 22. Ra3 f5 23. Qd3 g4 24. Re1 gxh3 25. g3 h2+ 26. Kh1 Qb7+ 27. Nd5 exd5 28. Bxd5 Qc7 29. Qxf5 Kb8 30. Bc6 Bd6 31. Rae3 a5 32. Re8+ Rxe8 33. Rxe8+ 1-0

[Event "GER-ch U12"]
[Site "Willingen"]
[Date "2005.05.19"]
[Round "8"]
[White "Schwarzat, Julian"]
[Black "Pantusenko, Valeria"]
[Result "1/2-1/2"]
[WhiteElo "1185"]
[BlackElo "1459"]
[PlyCount "86"]
[EventDate "2005.05.14"]
[EventType "swiss"]
[EventRounds "11"]
[EventCountry "GER"]
[SourceTitle "CBM 106 Extra"]
[Source "ChessBase"]
[SourceDate "2005.07.01"]
[SourceVersion "1"]
[SourceVersionDate "2005.07.01"]
[SourceQuality "1"]

1. e4 e5 2. Nf3 Nc6 3. d4 exd4 4. Nxd4 Bc5 5. Be3 Qf6 6. c3 Nge7 7. Bc4 d6 8. 0-0 0-0 9. Nxc6 Nxc6 10. Bxc5 dxc5 11. f4 Qg6 12. Qf3 Bg4 13. f5 Qh5 14. Qf4 Rac8 15. h3 Be2 16. g4 Qxh3 17. Bxe2 Rfe8 18. Rf2 Qh4 19. Nd2 Rcd8 20. Nf3 Qe7 21. Nd2 Ne5 22. Rd1 h6 23. Rff1 a6 24. Nf3 Nc6 25. Rxd8 Nxd8 26. Rd1 Nc6 27. Bd3 b5 28. Bc2 a5 29. Qd2 Rd8 30. Qf2 Rd6 31. Rxd6 cxd6 32. a3 Nb8 33. Qe2 c4 34. Nd4 Qe5 35. Qf3 Nd7 36. Kg2 Qc5 37. Qf4 Ne5 38. Nf3 a4 39. Nxe5 dxe5 40. Qf2 Qd6 41. Kf3 Kf8 42. Ke2 Ke7 43. Qa7+ Kf8 1/2-1/2